Państwa Które Nie Uznają Izraela - Statystyki

Ogólne statystyki
  • Ten quiz został rozwiązany 401 razy
  • Średni wynik to 18 z 26
Statystyki odpowiedzi
Kontynent Państwo % Poprawnych
Azja Arabia Saudyjska
90%
Azja Irak
90%
Azja Jemen
86%
Azja Oman
86%
Azja Syria
84%
Azja Pakistan
82%
Azja Katar
80%
Afryka Libia
80%
Azja Zjednoczone Emiraty Arabskie
80%
Afryka Algieria
79%
Azja Afganistan
78%
Afryka Maroko
77%
Azja Kuwejt
76%
Afryka Sudan
75%
Afryka Tunezja
70%
Azja Bahrajn
69%
Afryka Somalia
67%
Azja Indonezja
65%
Azja Palestyna
65%
Azja Korea Północna
58%
Azja Malezja
55%
Azja Bangladesz
52%
Afryka Dżibuti
51%
Azja Brunei
45%
Azja Bhutan
40%
Afryka Komory
27%
Nie znaleziono quizów pasujących do podanych kryteriów
Rozkład punktacji
Procent ludzi z każdym wynikiem
Percentyl według liczby udzielonych odpowiedzi
Twoja historia wyników
Nie rozwiązałeś tego quizu